| 000 | 01547nam a2200301 a 4500 | ||
|---|---|---|---|
| 003 | BLK | ||
| 005 | 20250117114008.0 | ||
| 008 | 180411b bul|||||r ||||||| ||bul|| | ||
| 020 | _a9786192401368 | ||
| 040 | _aBLK | ||
| 041 |
_aBUL _cBUL |
||
| 080 |
_aОсновни форми на възпитание и образование _b37.018 _z37.018 |
||
| 080 |
_aПсихология на детската възраст. Интелектуално развитие на децата. Психически особености. Детски представи, описани в разкази _b159.922.7 _z159.922.7 |
||
| 100 |
_aКотино, Каролин _eпърви автор _9488005 |
||
| 139 |
_aКотино, Каролинк _bК 87 |
||
| 245 | 1 | 0 |
_aБаба и дядо за първи път _bРъководството, което всички баби и дядовци очакваха _cКаролин Котино ; прев. Райна Ковачева. |
| 260 |
_aСофия _bПАН _c2019 _fСофия : Инвестпрес |
||
| 300 |
_a176 _bс ил. _c20 см |
||
| 380 | _a3 | ||
| 500 | _aОриг. загл.: Grands-parents débutants / Caroline Cotinaud. | ||
| 650 | 0 |
_9242467 _aДеца - отглеждане и възпитание |
|
| 650 | 7 |
_9153033 _aДетска и педагогическа психология |
|
| 700 |
_aКовачева, Райна Атанасова _eпрев. _9442427 |
||
| 852 |
_aЦб 318202 _bЦб |
||
| 942 |
_cKNG _n0 _s1 |
||
| 944 |
_aCR _k30545 _lНора Радева |
||
| 999 |
_c492102 _d492102 |
||
| 999 | _d492102 | ||